Océano Ilustrado. (Registro nro. 2106)

Detalles MARC
000 -LEADER
fixed length control field 00810nam a2200217 a 4500
005 - FECHA ULTIMA MODIFICACION
control field 20240430114605.0
008 - CAMPO DE CONTROL (LIBRO)
fixed length control field 141117t2012||||sp a g |||| 00| 0 spa d
020 ## - INTERNATIONAL STANDARD BOOK NUMBER
ISBN 9788449430749
041 ## - CODIGO DE IDIOMA
Código de idioma del texto/pista de sonido o título separado spa
092 ## - SIGNATURA TOPOGRAFICA DEWEY LOCAL
número de clasificación 403
libristica 16
sección DIC
110 1# - ENTRADA PRINCIPAL-AUTOR CORPORATIVO
Nombre de la institución, jurisdicción como entrada principal Océano Grupo Editorial.
9 (RLIN) 348
245 ## - TITULO PROPIAMENTE DICHO
Título Océano Ilustrado.
Subtítulo y Título paralelo Diccionario Enciclopédico /
Mención de responsabilidad y remanente de la transcripción de la portada Océano Grupo Editorial.
250 ## - MENCION DE EDICION
Mención de edición 1a ed.
260 ## - PIE DE IMPRENTA
Lugar de publicación, distribución, etc Barcelona:
Nombre de la editorial, distribuidor, etc Océano;
Fecha de publicación 2012.
300 ## - DESCRIPCION FISICA
Extension 1116 p.
Otros detalles físicos il. Apéndice: República Argentina; Constitución Nacional Argentina.
Material complementario CD-Rom
500 ## - NOTA GENERAL
Nota general Océano Grupo Editorial. (2012). Océano Ilustrado. Diccionario enciclopédico. (1a ed.). Barcelona : Océano.
653 ## - TÉRMINO INDIZADO - PALABRAS CLAVES
Palabra clave Diccionario
653 ## - TÉRMINO INDIZADO - PALABRAS CLAVES
Palabra clave República Argentina (geografia, historia)
653 ## - TÉRMINO INDIZADO - PALABRAS CLAVES
Palabra clave Constitución Nacional Argentina
942 ## - ADDED ENTRY ELEMENTS (KOHA)
Source of classification or shelving scheme Dewey Decimal Classification
Item type Libros
Existencias
Estado de retiro Existencia Fuente de clasificación Estado general No para prestamo Colección Ubicación permanente ubicación actual Sala de ubicación Fecha de adquisición Fuente de adquisición Costo, precio normal de compra Total Checkouts Número de clasificación Código de barras Date last seen Número de ejemplar Price effective from Koha tipo de elemento (item) Public note
    Dewey Decimal Classification     Reference Biblioteca Medicina Biblioteca Medicina Referencia 17/11/2014 COMPRA PROMED 3er AÑO, NOVIEMBRE 2014 240.00   403 16 DIC 3368 17/11/2014 Ej.1 17/11/2014 Reference COMPRA PROMED 3er AÑO, NOVIEMBRE 2014

UNIVERSIDAD NACIONAL DEL COMAHUE
Biblioteca de la Facultad de Ciencias Médicas
Sede Toschi: Los Arrayanes y Av. Toschi, Cipolletti  - Rio Negro
Sede Los Tordos:  Yrigoyen al 2211, Cipolletti - Rio Negro 

Teléfono: 0299 - 4774707 int 25
Contacto: biblioteca@facimed.uncoma.edu.ar
© 2011 - 2026